Industrial water and wastewater management/ (Record no. 198843)
[ view plain ]
| 000 -LEADER | |
|---|---|
| fixed length control field | 00560nam a22001817a 4500 |
| 005 - DATE AND TIME OF LATEST TRANSACTION | |
| control field | 20231025124919.0 |
| 010 ## - LCCN (DPL NO) | |
| LC control number | ENG-138297 |
| 020 ## - INTERNATIONAL STANDARD BOOK NUMBER | |
| International Standard Book Number | 2190883065 |
| Terms of availability | 495.00 |
| 035 ## - SYSTEM CONTROL NUMBER | |
| System control number | EN-121829 |
| 037 ## - SOURCE OF ACQUISITION | |
| Source of stock number/acquisition | DBAD/PUB |
| 082 ## - DEWEY DECIMAL CLASSIFICATION NUMBER | |
| Classification number | 628.1 |
| 100 ## - MAIN ENTRY--PERSONAL NAME | |
| Personal name | KVSG Murali Krishna |
| 245 ## - TITLE STATEMENT | |
| Title | Industrial water and wastewater management/ |
| Statement of responsibility, etc | KVSG Murali Krishna |
| 260 ## - PUBLICATION, DISTRIBUTION, ETC. (IMPRINT) | |
| Name of publisher, distributor, etc | Paramount |
| Date of publication, distribution, etc | 2023 |
| 270 ## - ADDRESS | |
| Address | A-531 H.No. 4-32-521 Phase-1 Allwyn Colony Kukatpally |
| City | Hydrabad |
| Postal code | 500072 |
| 300 ## - PHYSICAL DESCRIPTION | |
| Extent | 256p. |
| Dimensions | 24cm(pbk) |
| 942 ## - ADDED ENTRY ELEMENTS (KOHA) | |
| Source of classification or shelving scheme | Dewey Decimal Classification |
| Item type | English Books |
| Classification part | 628.1 |
| Call number suffix | KVS |
| Withdrawn status | Lost status | Not for loan | Collection code | Home library | Current library | Date acquired | Source of acquisition | Cost, normal purchase price | Full call number | Barcode | Copy number | Cost, replacement price | Koha item type |
|---|---|---|---|---|---|---|---|---|---|---|---|---|---|
| Non-fiction | Bawana | Bawana | 25/10/2023 | DBAD/PUB | 495.00 | 628.1 KVS | EN-121829 | 1 | 495.00 | English Books |
